000
00321 a2200157 4500
001
57119
020
_a
850810426X
040
_c
Anchieta - Pituba
100
_a
Aguiar, Luiz Antonio
240
1
0
_a
Aleijado
_l
por
245
1
0
_a
Aleijado
300
_a
128
362
0
_a
2006
650
4
_a
Literatura juvenil
942
_c
BK
999
_c
57119
_d
57119